[Event "COL-ch Universities"]
[Site "Santa Marta"]
[Date "2012.10.27"]
[Round "4"]
[White "Ramirez, Andres Felipe"]
[Black "Zapata, Juan David"]
[Result "1-0"]
[WhiteElo "1760"]
[BlackElo "1969"]
[PlyCount "69"]
[EventDate "2012.10.26"]
[EventType "swiss"]
[EventRounds "6"]
[EventCountry "COL"]
[SourceTitle "EXT 2015"]
[Source "ChessBase"]
[SourceDate "2014.11.20"]
[SourceVersion "1"]
[SourceVersionDate "2014.11.20"]
[SourceQuality "1"]

1. e4 c5 2. Nf3 d6 3. d4 cxd4 4. Nxd4 Nf6 5. Nc3 g6 6. Be3 Bg7 7. f3 0-0 8. Qd2 Nc6 9. Bc4 Nd7 10. Bb3 Nb6 11. Nd5 Nxd5 12. exd5 Na5 13. Bh6 e5 14. Bxg7 Kxg7 15. Ne2 b5 16. 0-0-0 Bb7 17. h4 h6 18. g4 Nxb3+ 19. axb3 a5 20. Kb1 Rc8 21. h5 Rh8 22. hxg6 fxg6 23. b4 axb4 24. Qxb4 Rc5 25. Nc3 Qd7 26. Rd3 Rhc8 27. Rhd1 Rd8 28. Ne4 Rc4 29. Qe1 Ra8 30. b3 Rcc8 31. Qb4 Ra6 32. Nc3 Rc5 33. f4 Qc7 34. fxe5 dxe5 35. d6 1-0

[Event "COL-ch Universities"]
[Site "Santa Marta"]
[Date "2012.10.27"]
[Round "3"]
[White "Zapata, Juan David"]
[Black "Larrada Roa, Hassid"]
[Result "0-1"]
[WhiteElo "1969"]
[BlackElo "1744"]
[PlyCount "79"]
[EventDate "2012.10.26"]
[EventType "swiss"]
[EventRounds "6"]
[EventCountry "COL"]
[SourceTitle "EXT 2015"]
[Source "ChessBase"]
[SourceDate "2014.11.20"]
[SourceVersion "1"]
[SourceVersionDate "2014.11.20"]
[SourceQuality "1"]

1. e4 c6 2. d4 d5 3. Nd2 dxe4 4. Nxe4 Bf5 5. Ng3 Bg6 6. Nf3 Nd7 7. h4 h6 8. h5 Bh7 9. Bd3 Bxd3 10. Qxd3 e6 11. Bf4 Ngf6 12. 0-0-0 Be7 13. Ne5 Nxe5 14. dxe5 Qxd3 15. Rxd3 Nd5 16. Bd2 b5 17. Ne4 0-0-0 18. Rhh3 Rhe8 19. Rhg3 Bf8 20. Rdf3 Rd7 21. c3 Red8 22. b3 c5 23. Rd3 Kc7 24. Nd6 Kc6 25. c4 bxc4 26. Nxc4 Nb4 27. Rxd7 Rxd7 28. Bxb4 cxb4 29. Kc2 f6 30. Rf3 Be7 31. Re3 f5 32. Rg3 Bg5 33. Rd3 Rxd3 34. Kxd3 Kd5 35. g3 f4 36. Ke2 fxg3 37. fxg3 Ke4 38. Na5 Be7 39. Nc6 Bc5 40. Nb8 0-1

[Event "Medellin Experts 17th"]
[Site "Medellin"]
[Date "2010.08.07"]
[Round "7.10"]
[White "Zapata, Juan David"]
[Black "Paniagua, Fabio de Jesus"]
[Result "1-0"]
[WhiteElo "1969"]
[BlackElo "1885"]
[PlyCount "63"]
[EventDate "2010.08.04"]
[EventType "swiss"]
[EventRounds "9"]
[EventCountry "COL"]
[SourceTitle "EXT 2024"]
[Source "ChessBase"]
[SourceDate "2023.10.10"]
[SourceVersion "1"]
[SourceVersionDate "2023.10.10"]
[SourceQuality "1"]

1. e4 e5 2. Nf3 Nc6 3. d4 exd4 4. Nxd4 d6 5. Bc4 Nf6 6. Nc3 Be7 7. 0-0 0-0 8. h3 a6 9. Nxc6 bxc6 10. Bf4 Be6 11. Bd3 h6 12. Qf3 Nd7 13. Rad1 Qb8 14. b3 Qb4 15. Ne2 Kh8 16. c3 Qa5 17. Bb1 Ne5 18. Qg3 Ng6 19. Bc1 Bh4 20. Qe3 f5 21. Nd4 Bd7 22. exf5 Rae8 23. Qd2 Ne7 24. g4 c5 25. Ne6 Rf6 26. b4 cxb4 27. cxb4 Qb6 28. Bb2 Nc6 29. Nf4 Ne5 30. Bxe5 Rxe5 31. Ng6+ Rxg6 32. fxg6 1-0

[Event "Medellin Experts 17th"]
[Site "Medellin"]
[Date "2010.08.06"]
[Round "4.2"]
[White "Hernandez Montes, Jhon Sebastian"]
[Black "Zapata, Juan David"]
[Result "1-0"]
[WhiteElo "1941"]
[BlackElo "1969"]
[PlyCount "75"]
[EventDate "2010.08.04"]
[EventType "swiss"]
[EventRounds "9"]
[EventCountry "COL"]
[SourceTitle "EXT 2024"]
[Source "ChessBase"]
[SourceDate "2023.10.10"]
[SourceVersion "1"]
[SourceVersionDate "2023.10.10"]
[SourceQuality "1"]

1. e4 c5 2. Nf3 d6 3. d4 cxd4 4. Nxd4 Nf6 5. Nc3 g6 6. Be3 Bg7 7. Be2 0-0 8. 0-0 Nc6 9. Kh1 d5 10. exd5 Nxd5 11. Nxd5 Qxd5 12. Bf3 Qc4 13. Nxc6 bxc6 14. c3 Rb8 15. Qd2 a5 16. Be2 Qd5 17. Qc1 Bf5 18. Rd1 Qe6 19. Bf3 Qc8 20. Bc5 Re8 21. b3 e5 22. Qe3 e4 23. Be2 Be6 24. Rd2 f5 25. Rad1 Qb7 26. Rd6 Bd5 27. c4 Be6 28. Qf4 Bf8 29. Bd4 Bxd6 30. Qxd6 h6 31. Bf6 Kh7 32. Be5 Rbc8 33. Bc3 Qc7 34. Qc5 Ra8 35. Rd6 Bd7 36. Qd4 Re7 37. Qf6 Be8 38. Qh8# 1-0

[Event "Medellin Feria de las Flores op"]
[Site "Medellin"]
[Date "2008.08.07"]
[Round "2.34"]
[White "Otalora Pacheco, Carlos Eduardo"]
[Black "Zapata, Juan David"]
[Result "1-0"]
[WhiteElo "2100"]
[BlackElo "1980"]
[PlyCount "57"]
[EventDate "2008.08.06"]
[EventType "swiss"]
[EventRounds "9"]
[EventCountry "COL"]
[SourceTitle "EXT 2024"]
[Source "ChessBase"]
[SourceDate "2023.10.10"]
[SourceVersion "1"]
[SourceVersionDate "2023.10.10"]
[SourceQuality "1"]

1. d4 Nf6 2. g3 d5 3. Bg2 Bf5 4. Nf3 h6 5. 0-0 e6 6. c4 Be7 7. Nc3 0-0 8. Qb3 Nc6 9. cxd5 exd5 10. Qxb7 Nb4 11. Bf4 Ne8 12. Qb5 g5 13. Bd2 Rb8 14. Qa5 Rb6 15. Na4 Ra6 16. Bxb4 Rxa5 17. Bxa5 Qc8 18. Nc5 Bxc5 19. dxc5 Qa6 20. Bc3 Be4 21. Nd4 Bxg2 22. Kxg2 Nf6 23. f3 Re8 24. Kf2 Nd7 25. c6 Ne5 26. Rfe1 Nxc6 27. Nxc6 Qxc6 28. e3 Qc4 29. Bd4 1-0

[Event "Pan American-ch U18"]
[Site "Medellin"]
[Date "2007.07.04"]
[Round "4"]
[White "Zapata, Juan David"]
[Black "Terao, Rodrigo Akira"]
[Result "0-1"]
[WhiteElo "1897"]
[BlackElo "2198"]
[PlyCount "48"]
[EventDate "2007.07.02"]
[EventType "swiss"]
[EventRounds "9"]
[EventCountry "COL"]
[SourceTitle "EXT 2022"]
[Source "ChessBase"]
[SourceDate "2021.10.06"]
[SourceVersion "1"]
[SourceVersionDate "2021.10.06"]
[SourceQuality "1"]

1. e4 e5 2. Nf3 Nc6 3. d4 exd4 4. Nxd4 Bb4+ 5. c3 Be7 6. Bc4 d6 7. Nxc6 bxc6 8. Qb3 Nf6 9. Bxf7+ Kf8 10. e5 Nd7 11. Bh5 Nxe5 12. 0-0 d5 13. Qa4 Bd7 14. Qf4+ Bf6 15. Qg3 g6 16. Bh6+ Kf7 17. Be2 Bf5 18. Nd2 Rb8 19. b4 Re8 20. Nb3 Kg8 21. Be3 Nf7 22. Rac1 Bh4 23. Qf4 Re4 24. Qf3 Ne5 0-1

[Event "Pan American-ch U18"]
[Site "Medellin"]
[Date "2007.07.03"]
[Round "3"]
[White "Gallego Alcaraz, Andres Felipe"]
[Black "Zapata, Juan David"]
[Result "0-1"]
[WhiteElo "2235"]
[BlackElo "1897"]
[PlyCount "86"]
[EventDate "2007.07.02"]
[EventType "swiss"]
[EventRounds "9"]
[EventCountry "COL"]
[SourceTitle "EXT 2022"]
[Source "ChessBase"]
[SourceDate "2021.10.06"]
[SourceVersion "1"]
[SourceVersionDate "2021.10.06"]
[SourceQuality "1"]

1. e4 c5 2. Nf3 d6 3. d4 cxd4 4. Nxd4 Nf6 5. Nc3 g6 6. Be3 Bg7 7. f3 0-0 8. Qd2 Nc6 9. Bc4 Bd7 10. Bb3 Rc8 11. h4 h5 12. 0-0-0 Ne5 13. Bg5 Rc5 14. Kb1 b5 15. g4 b4 16. Nd5 Rxd5 17. Bxd5 e6 18. Bb3 a5 19. gxh5 a4 20. h6 Bh8 21. h7+ Kg7 22. Bh6+ Kxh7 23. Bxf8 Qxf8 24. Qxb4 axb3 25. cxb3 Nh5 26. a4 Nf4 27. Qd2 Ned3 28. Ne2 Be5 29. Qe3 Nxe2 30. Rxd3 Nf4 31. Rd2 Qb8 32. Rc1 d5 33. Re1 d4 34. Rxd4 Ng2 35. Rdd1 Nxe3 36. Rxe3 Qb6 37. Red3 Kg7 38. Ka2 Qf2 39. Ka3 Bxb2+ 40. Kb4 Qb6+ 41. Kc4 Qc6+ 42. Kb4 Bc3+ 43. Ka3 Qc5+ 0-1

[Event "Barrancabermeja Grand Prix"]
[Site "Barrancabermeja"]
[Date "2007.06.01"]
[Round "2"]
[White "Rivera, Alberto"]
[Black "Zapata, Juan David"]
[Result "1-0"]
[WhiteElo "2381"]
[BlackElo "1897"]
[PlyCount "69"]
[EventDate "2007.06.01"]
[EventType "swiss"]
[EventRounds "7"]
[EventCountry "COL"]
[SourceTitle "EXT 2024"]
[Source "ChessBase"]
[SourceDate "2023.10.10"]
[SourceVersion "1"]
[SourceVersionDate "2023.10.10"]
[SourceQuality "1"]

1. d4 Nf6 2. Nf3 g6 3. c4 c5 4. d5 e6 5. Nc3 exd5 6. cxd5 d6 7. e4 Bg7 8. h3 0-0 9. Bd3 a6 10. a4 Re8 11. 0-0 Nbd7 12. Re1 Qc7 13. Bf4 Nh5 14. Be3 Ne5 15. Nxe5 Bxe5 16. Qd2 Bg7 17. Rab1 Rb8 18. Rec1 Qe7 19. b4 b6 20. bxc5 dxc5 21. f4 Bxc3 22. Qxc3 Bd7 23. e5 Bxa4 24. Bxa6 g5 25. d6 Qa7 26. Be2 Nxf4 27. Bxf4 gxf4 28. Rf1 Qa5 29. Qc4 Qd2 30. Rxf4 Qe3+ 31. Kh1 Qxe5 32. Qxf7+ Kh8 33. Bd3 Qg7 34. Qxg7+ Kxg7 35. Rxa4 1-0

[Event "Pan American-ch U20"]
[Site "Cali"]
[Date "2005.10.19"]
[Round "7"]
[White "Borda, Alan"]
[Black "Zapata, Juan David"]
[Result "1/2-1/2"]
[WhiteElo "2107"]
[BlackElo "1800"]
[PlyCount "73"]
[EventDate "2005.10.16"]
[EventType "swiss"]
[EventRounds "9"]
[EventCountry "COL"]
[SourceTitle "EXT 2007"]
[Source "ChessBase"]
[SourceDate "2006.11.23"]
[SourceVersion "1"]
[SourceVersionDate "2006.11.23"]
[SourceQuality "1"]

1. e4 c5 2. c3 d5 3. exd5 Qxd5 4. d4 cxd4 5. cxd4 g6 6. Nc3 Qd8 7. Nf3 Bg7 8. Bc4 Nf6 9. 0-0 0-0 10. Re1 Nbd7 11. Bg5 h6 12. Bh4 Nb6 13. Bb3 e6 14. Rc1 Bd7 15. d5 exd5 16. Nxd5 Nbxd5 17. Bxd5 g5 18. Bg3 Nxd5 19. Qxd5 Bc6 20. Qb3 Qd5 21. Qxd5 Bxd5 22. b3 a5 23. Red1 Rfd8 24. Bc7 Rd7 25. Ne5 Bxe5 26. Bxe5 Bc6 27. Rxd7 Bxd7 28. Bd4 Bc6 29. h3 a4 30. Be3 Bd5 31. Rc5 Bc6 32. Rc1 Kg7 33. Rc4 Kf6 34. bxa4 Bxa4 35. a3 Bb5 36. Rc3 Bc6 37. Bc5 1/2-1/2

[Event "Pan American-ch U20"]
[Site "Cali"]
[Date "2005.10.19"]
[Round "6"]
[White "Zapata, Juan David"]
[Black "Arenas Vanegas, David"]
[Result "0-1"]
[WhiteElo "1800"]
[BlackElo "1894"]
[PlyCount "82"]
[EventDate "2005.10.16"]
[EventType "swiss"]
[EventRounds "9"]
[EventCountry "COL"]
[SourceTitle "EXT 2007"]
[Source "ChessBase"]
[SourceDate "2006.11.23"]
[SourceVersion "1"]
[SourceVersionDate "2006.11.23"]
[SourceQuality "1"]

1. e4 c5 2. Nf3 d6 3. d4 cxd4 4. Nxd4 Nf6 5. Nc3 g6 6. Be3 Bg7 7. f3 0-0 8. Qd2 Nc6 9. Bc4 Nd7 10. Bb3 Nb6 11. Nxc6 bxc6 12. Bh6 e6 13. h4 d5 14. 0-0-0 Qc7 15. h5 Ba6 16. Bxg7 Kxg7 17. hxg6 fxg6 18. exd5 cxd5 19. Qh6+ Kg8 20. Ne4 Rae8 21. Ng5 Re7 22. Rde1 Qf4+ 23. Kb1 Rc7 24. Re4 Qd2 25. Nxe6 Qxh6 26. Rxh6 dxe4 27. Nxc7+ Bc4 28. Bxc4+ Nxc4 29. Ne6 exf3 30. gxf3 Rxf3 31. a3 Rf1+ 32. Ka2 Ne3 33. Rh3 Nd5 34. b4 Rf6 35. Nd4 g5 36. Rg3 h6 37. Kb3 Kg7 38. Kc4 Nb6+ 39. Kd3 Kg6 40. Nf3 Nd5 41. c4 Rxf3+ 0-1